00361nam a2200145Ia 450000500170000000800460001703700120006304000200007504100130009508400190010810000190012724500450014626000090019130000150020020250508151419.0008 250505s9999 xx 000 0 eng d aTextual aFEDLbengcFEDL aeng2eng a392, SIRqFEDL aSirjamaki John 0aAmerican family in the twentieth century c1953 aviii,227p.